| 000 | 00842nam a2200241 i 4500 | ||
|---|---|---|---|
| 001 | 45132 | ||
| 003 | ES-MaACL | ||
| 005 | 20250829112020.0 | ||
| 007 | t| | ||
| 008 | 030325s1974 mx ||||1| spa d | ||
| 100 | 1 |
_aClavijero, Francisco Xavier. _939140 |
|
| 245 | 1 | 0 |
_aHistoria Antigua de México / _cFrancisco Xavier Clavijero ; prólogo de Mariano Cuevas. |
| 250 | _a4ª ed. | ||
| 260 |
_aMéxico : _bPorrúa, _c1974. |
||
| 300 |
_aXXXVII, 621 p. 1 map. pleg. ; _c22 cm. |
||
| 490 | 1 |
_aSepan cuantos... ; _v29 |
|
| 651 | 4 |
_aMéxico- _xHistoria- _yHasta 1517, Época prehispánica. _9153811 |
|
| 651 | 4 |
_aMéxico- _xHistoria- _y1517-1521, Descubrimiento y conquista. _9136484 |
|
| 700 | 1 |
_aCuevas, Mariano. _942102 |
|
| 830 | 0 | 0 |
_aSepan cuantos_ _v29 _9180801 |
| 852 |
_aES-MaACL _jE-9388 _bR.94106 |
||
| 999 |
_c45132 _d45132 |
||